000 01081nam a22002297a 4500
999 _c19393
_d19393
003 AR-CdUCM
008 190517b ||||| |||| 00| 0 spa d
040 _aMUNICIPALIDAD PROVINCIAL DEL CUSCO
_cBIBLIOTECA MUNICIPAL DEL CUSCO
041 _hfre
082 _a170.8 /
_bSA16
100 _aSainte - Beuve, M.
_940705
245 _aReflexiones, sentencias y máximas morales de :
_bla Rochefoucauld /
260 _aParís :
_bGarnier Hermanos.
300 _aLXVI, 194 páginas :
_c19 cm.
505 _aContenido: La Rechefoucaulde por M. de Sainte -Beuve -- Retrato del Duque de la Rechefoucaulde -- Reflexiones o sentencias y Máximas morales -- Pensamientos suprimidos con fecha por el autor de las ediciones -- Pensamientos sacados en las cartas manuscritas que se encuentran en la biblioteca del Rey -- Reflexiones diversas del Duque de La Rechefoucauld.
650 _aMáximas francesas
_940706
650 _aReflexiones
_93812
650 _aLa Rechefoucauld
_940707
700 _aMachado, Manuél (traducción)
_940708
942 _2ddc
_cLIBROS
945 _aachl
_d2019-05-17